Religion Quiz

Random Religion or Country Quiz

Alive for Five? (Religion Edition) Quiz Stats

 Plays Quiz Updated May 20, 2016

Challenge
Share
Tweet
Embed
Score 0/20 Timer 04:00
0 Plays Today
Country More or Fewer % Correct
Thailand???
88.2%
China???
86.6%
India???
80.9%
Vietnam???
79%
Myanmar???
78.7%
Cambodia???
78.4%
France???
77.7%
Japan???
74.4%
Malaysia???
71.3%
Russia???
68.9%
Country More or Fewer % Correct
Taiwan???
65.5%
South Korea???
64.2%
Sri Lanka???
63.6%
Singapore???
49.6%
United States???
48.2%
Mongolia???
47.7%
Bangladesh???
37.6%
Indonesia???
29%
Nepal???
28.7%
Laos???
26.8%

You're not logged in!

Compare scores with friends on all Sporcle quizzes.
Join for Free
OR
Log In

You Might Also Like...

Show Comments

Extras

Top Quizzes Today


Score Distribution

Your Account Isn't Verified!

In order to create a playlist on Sporcle, you need to verify the email address you used during registration. Go to your Sporcle Settings to finish the process.

Report this User

Report this user for behavior that violates our Community Guidelines.

Details: